00000000nam##2200000za#4500
0019.572806
003CaOODSP
00520210624183409
007cr |||||||||||
008150406|2001||||xxc|||||o    f|0| 0 eng|d
040 |aCaOODSP|beng
043 |an-cn---
0861 |aM92-213/2001E-PDF
1101 |aCanada. |bNatural Resources Canada.
24510|aWarm up to biomass heating and improve your bottom line |h[electronic resource]
260 |aOttawa - Ontario : |bNatural Resources Canada |cc2001.
300 |a11p.|bcoloured illus., photographs
4901 |aBioenergy series |v1
500 |aThe catalogue number (M92-213/2001E) and ISBN (0-662-30280-X) for the bilingual print edition have been incorrectly copied in this electronic publication.
590 |a12-02-Supp|b2012-01-20
77508|tLa biomasse, source de chaleur et de bénéfices nets |w(CaOODSP)9.603072
7760#|tWarm up to biomass heating and improve your bottom line |w(CaOODSP)9.615565
830#0|aBioenergy series ;|v1|w(CaOODSP)9.504695
85640|ahttp://publications.gc.ca|qPDF|s1009 KB|uhttps://publications.gc.ca/collections/Collection/M92-213-2001E.pdf|y1